The Defence of Duffer's Drift/ (Record no. 212111)

MARC details
000 -LEADER
fixed length control field 00519nam a22001817a 4500
005 - DATE AND TIME OF LATEST TRANSACTION
control field 20250704152413.0
010 ## - LCCN (DPL NO)
LC control number ENG-145689
020 ## - INTERNATIONAL STANDARD BOOK NUMBER
International Standard Book Number 9789388150064
Terms of availability 279.00
035 ## - SYSTEM CONTROL NUMBER
System control number EN-129221
037 ## - SOURCE OF ACQUISITION
Source of stock number/acquisition DBAD
082 ## - DEWEY DECIMAL CLASSIFICATION NUMBER
Classification number N
Edition number 1
100 ## - MAIN ENTRY--PERSONAL NAME
Personal name Swinton, Ernest D
245 ## - TITLE STATEMENT
Title The Defence of Duffer's Drift/
Statement of responsibility, etc Ernest D Swinton
260 ## - PUBLICATION, DISTRIBUTION, ETC. (IMPRINT)
Place of publication, distribution, etc Chandigarh
Name of publisher, distributor, etc The Browser
Date of publication, distribution, etc 2025
270 ## - ADDRESS
City Chandigarh
Address SCO 14-15, Sector 8-C
Postal code 160009
Electronic mail address service@thebrowser.org
300 ## - PHYSICAL DESCRIPTION
Extent 51p.
Dimensions 20cm(pb)
942 ## - ADDED ENTRY ELEMENTS (KOHA)
Source of classification or shelving scheme Dewey Decimal Classification
Item type English Books
Classification part N
Call number suffix SWI
Holdings
Withdrawn status Lost status Not for loan Collection code Home library Current library Date acquired Source of acquisition Cost, normal purchase price Full call number Barcode Copy number Cost, replacement price Koha item type
      Non-fiction Sarojini Nagar Sarojini Nagar 04/07/2025 Delivery of Books Act Division 279.00 N SWI EN-129221 1 279.00 English Books

© Delhi Public Library
Hit Counter
free hit counter